Statistics for Detroit Pistons: All-Star Selections

Click here to take the quiz!

General Stats

  • This quiz has been taken 201 times
    (192 since last reset)
  • The average score is 13 of 34

Answer Stats

Amount of SelectionsPlayer% Correct
12Isiah Thomas
99%
4Ben Wallace
94%
6Joe Dumars
94%
2Rasheed Wallace
94%
3Chauncey Billups
87%
2Andre Drummond
82%
4Bill Laimbeer
80%
3Richard Hamilton
79%
2Dennis Rodman
76%
1Blake Griffin
75%
7Bob Lanier
66%
5Grant Hill
64%
6Dave Bing
51%
2Jerry Stackhouse
46%
1Allen Iverson
31%
5George Yardley
24%
3Dave DeBusschere
23%
2Kelly Tripucka
20%
4Bailey Howell
15%
5Gene Shue
13%
6Larry Foust
13%
2Jimmy Walker
10%
3Andy Phillip
9%
2Don Ohl
9%
1Fred Schaus
7%
1Terry Dischinger
7%
2Dick McGuire
5%
1Eddie Miles
4%
2Walter Dukes
4%
1Chuck Noble
3%
3Mel Hutchins
3%
1Frankie Brian
2%
1Jack Molinas
2%
1Curtis Rowe
1%

Score Distribution

Percentile by Number Answered

Percent of People with Each Score

Your Score History

You have not taken this quiz since the last reset